Aspectos fundamentales de la enseñanza programada (Record no. 62845)
[ view plain ]
| 000 -CABECERA | |
|---|---|
| campo de control de longitud fija | 00686nam a2200229 a 4500 |
| 005 - FECHA Y HORA DE LA ÚLTIMA TRANSACCIÓN | |
| campo de control | 20210219152859.0 |
| 008 - ELEMENTOS DE LONGITUD FIJA--INFORMACIÓN GENERAL | |
| campo de control de longitud fija | 991125n 000 0 u |
| 035 ## - NÚMERO DE CONTROL DEL SISTEMA | |
| Número de control de sistema | UPN01000064984 |
| 100 ## - ASIENTO PRINCIPAL--NOMBRE PERSONAL | |
| Nombre de persona | HILLEBRAND, Max Joseph |
| 222 ## - TÍTULO CLAVE | |
| Título clave | EDUCACION : |
| Información calificativa | COLECCION SEMESTRAL DE APORTACIONES ALEMANAS RECIENTES EN LAS CIENCIAS PEDAGOGICAS |
| 245 ## - MENCIÓN DE TÍTULO | |
| Título | Aspectos fundamentales de la enseñanza programada |
| 300 ## - DESCRIPCIÓN FÍSICA | |
| Extensión | 76-87 |
| 362 ## - FECHAS DE PUBLICACIÓN Y/O DESIGNACIÓN SECUENCIAL | |
| Fecha de publicación y/o designación secuencial | 1971 Vol. 4 |
| 653 0# - TERMINO DE INDIZACION - NO CONTROLADO | |
| Término no controlado | APRENDIZAJE |
| 653 0# - TERMINO DE INDIZACION - NO CONTROLADO | |
| Término no controlado | CONDUCTA |
| 653 0# - TERMINO DE INDIZACION - NO CONTROLADO | |
| Término no controlado | ENSEÑANZA PROGRAMADA |
| 653 0# - TERMINO DE INDIZACION - NO CONTROLADO | |
| Término no controlado | INTERACCION MAESTRO-ALUMNO |
| 653 0# - TERMINO DE INDIZACION - NO CONTROLADO | |
| Término no controlado | MOTIVACION |
| 653 0# - TERMINO DE INDIZACION - NO CONTROLADO | |
| Término no controlado | PSICOLOGIA EDUCATIVA |
| 904 ## - ELEMENTOS DE DATOS D LOCAL, LDD (RLIN) | |
| a | AC |
| b | 002795 |
| 905 ## - TIPO DE MATERIAL | |
| Tipo de material | Articulo |
No items available.
